<?xml version="1.0" encoding="UTF-8"?>
<record
    xmlns:xsi="http://www.w3.org/2001/XMLSchema-instance"
    xsi:schemaLocation="http://www.loc.gov/MARC21/slim http://www.loc.gov/standards/marcxml/schema/MARC21slim.xsd"
    xmlns="http://www.loc.gov/MARC21/slim">

  <leader>00384nam a2200157   4500</leader>
  <controlfield tag="008">251201b        |||||||| |||| 00| 0 eng d</controlfield>
  <datafield tag="020" ind1=" " ind2=" ">
    <subfield code="a">9780367230661</subfield>
  </datafield>
  <datafield tag="082" ind1=" " ind2=" ">
    <subfield code="a">342.540 HEN</subfield>
  </datafield>
  <datafield tag="100" ind1=" " ind2=" ">
    <subfield code="a">Henry Nicholas</subfield>
  </datafield>
  <datafield tag="245" ind1=" " ind2=" ">
    <subfield code="a">Public Administration and Public Affairs</subfield>
  </datafield>
  <datafield tag="250" ind1=" " ind2=" ">
    <subfield code="a">13th</subfield>
  </datafield>
  <datafield tag="260" ind1=" " ind2=" ">
    <subfield code="a">London</subfield>
    <subfield code="b">Routledge</subfield>
    <subfield code="c">2018</subfield>
  </datafield>
  <datafield tag="300" ind1=" " ind2=" ">
    <subfield code="a">514</subfield>
  </datafield>
  <datafield tag="650" ind1=" " ind2=" ">
    <subfield code="a">School of Law </subfield>
  </datafield>
  <datafield tag="942" ind1=" " ind2=" ">
    <subfield code="c">R</subfield>
  </datafield>
  <datafield tag="952" ind1=" " ind2=" ">
    <subfield code="0">0</subfield>
    <subfield code="1">0</subfield>
    <subfield code="2">ddc</subfield>
    <subfield code="4">0</subfield>
    <subfield code="6">342_540000000000000_HEN</subfield>
    <subfield code="7">0</subfield>
    <subfield code="8">UG</subfield>
    <subfield code="9">88839</subfield>
    <subfield code="a">SL</subfield>
    <subfield code="b">SL</subfield>
    <subfield code="c">8</subfield>
    <subfield code="d">2025-12-01</subfield>
    <subfield code="e">Campus Book House</subfield>
    <subfield code="g">1395.00</subfield>
    <subfield code="l">0</subfield>
    <subfield code="o">342.540 HEN</subfield>
    <subfield code="p">SL5115</subfield>
    <subfield code="r">2025-12-01</subfield>
    <subfield code="y">R</subfield>
    <subfield code="z">Rack No.R1 Shelf No.14</subfield>
  </datafield>
  <datafield tag="952" ind1=" " ind2=" ">
    <subfield code="0">0</subfield>
    <subfield code="1">0</subfield>
    <subfield code="2">ddc</subfield>
    <subfield code="4">0</subfield>
    <subfield code="6">342_540000000000000_HEN</subfield>
    <subfield code="7">0</subfield>
    <subfield code="8">UG</subfield>
    <subfield code="9">88840</subfield>
    <subfield code="a">SL</subfield>
    <subfield code="b">SL</subfield>
    <subfield code="c">8</subfield>
    <subfield code="d">2025-12-01</subfield>
    <subfield code="e">Campus Book House</subfield>
    <subfield code="g">1395.00</subfield>
    <subfield code="l">0</subfield>
    <subfield code="o">342.540 HEN</subfield>
    <subfield code="p">SL5116</subfield>
    <subfield code="r">2025-12-01</subfield>
    <subfield code="y">CR</subfield>
    <subfield code="z">Rack No.C2 Shelf No.67</subfield>
  </datafield>
  <datafield tag="999" ind1=" " ind2=" ">
    <subfield code="c">64065</subfield>
    <subfield code="d">64065</subfield>
  </datafield>
</record>
